| 000 | 00494nam a2200193 a 4500 | ||
|---|---|---|---|
| 001 | 11429 | ||
| 003 | CO-ViMGA | ||
| 008 | 141112s2004 ck r 000 u spa d | ||
| 040 |
_aCO-ViMGA _bspa _cCO-ViMGA |
||
| 082 | 0 | 4 | _a813.5 S74s |
| 100 | 1 | _aStine, R.L | |
| 245 | 1 | 0 | _aSonrĂe y muerete |
| 260 |
_aBarcelona : _bNorma, _c1995 |
||
| 300 | _a127 p : il | ||
| 490 | _aEscalofrios | ||
| 650 | 1 | 4 | _aCUENTOS DE TERROR ESTADOUNIDENSES |
| 650 | 1 | 4 |
_aCUENTOS ESTADOUNIDENSES _92727 |
| 942 |
_2ddc _cBK |
||
| 999 |
_c22626 _d22626 |
||